Zufällige Stadt zu Bundesstaat (USA) - Statistiken

Allgemein
  • Dieses Quiz wurde 5.074 mal gespielt
  • Das Durchschnittsergebnis liegt bei 10 aus 20
Antwortstatistiken
Stadt Einwohner Bundesstaat % Korrekt
Miami 470.914 Florida
95%
Los Angeles 3.990.456 Kalifornien
94%
New York City 8.393.748 New York
93%
Honolulu 347.397 Hawaii
92%
Houston 2.325.502 Texas
92%
San Francisco 883.305 Kalifornien
91%
Dallas 1.345.047 Texas
90%
Las Vegas 644.644 Nevada
88%
Austin 964.254 Texas
88%
San Diego 1.425.976 Kalifornien
87%
Oklahoma City 649.021 Oklahoma
86%
Colorado Springs 472.688 Colorado
84%
Seattle 744.955 Washington
84%
Phoenix 1.660.272 Arizona
82%
Indianapolis 867.125 Indiana
82%
Sacramento 508.529 Kalifornien
81%
Jersey City 265.549 New Jersey
80%
North Las Vegas 245.949 Nevada
79%
Tampa 392.890 Florida
78%
Atlanta 498.044 Georgia
78%
Orlando 285.713 Florida
77%
Chicago 2.705.994 Illinois
77%
El Paso 682.669 Texas
77%
Minneapolis 425.403 Minnesota
75%
Detroit 672.662 Michigan
74%
New Orleans 391.006 Louisiana
73%
Salt Lake City 200.591 Utah
73%
Boston 694.583 Massachusetts
72%
San Antonio 1.532.233 Texas
72%
Denver 716.492 Colorado
71%
Nashville 669.053 Tennessee
71%
San Jose 1.030.119 Kalifornien
70%
Virginia Beach 450.189 Virginia
70%
Portland 653.115 Oregon
69%
Cleveland 383.793 Ohio
67%
Philadelphia 1.584.138 Pennsylvania
67%
Anchorage 291.538 Alaska
66%
Albuquerque 560.218 New Mexico
61%
Long Beach 467.354 Kalifornien
60%
Memphis 650.618 Tennessee
60%
Jacksonville 903.889 Florida
57%
Tallahassee 193.551 Florida
57%
Fort Lauderdale 182.595 Florida
56%
Columbus 892.533 Ohio
55%
Pittsburgh 301.048 Pennsylvania
54%
Anaheim 352.005 Kalifornien
52%
San Bernardino 215.941 Kalifornien
52%
Fort Worth 895.008 Texas
52%
Charlotte 872.498 North Carolina
51%
Oakland 429.082 Kalifornien
50%
Fresno 530.093 Kalifornien
49%
Cincinnati 302.605 Ohio
49%
Tucson 545.975 Arizona
48%
Newark 282.090 New Jersey
48%
Buffalo 256.304 New York
48%
Boise 228.790 Idaho
46%
Reno 250.998 Nevada
46%
Baltimore 602.495 Maryland
45%
Kansas City 491.918 Missouri
45%
Richmond 237.521 Virginia
45%
Santa Ana 332.725 Kalifornien
44%
Milwaukee 592.025 Wisconsin
43%
Omaha 468.298 Nebraska
42%
Baton Rouge 221.599 Louisiana
41%
St. Louis 302.838 Missouri
41%
Raleigh 469.298 North Carolina
41%
Des Moines 216.853 Iowa
40%
St. Paul 307.695 Minnesota
40%
Providence 179.335 Rhode Island
39%
Montgomery 198.218 Alabama
38%
Little Rock 197.881 Arkansas
38%
Corpus Christi 326.554 Texas
38%
Charleston 136.208 South Carolina
37%
Jackson 164.422 Mississippi
33%
Mesa 508.958 Arizona
32%
Louisville 620.118 Kentucky
32%
Tulsa 400.669 Oklahoma
31%
Bakersfield 383.579 Kalifornien
30%
Birmingham 209.880 Alabama
29%
Topeka 125.904 Kansas
29%
Wichita 389.255 Kansas
29%
Lincoln 287.401 Nebraska
29%
Arlington 398.112 Texas
29%
Syracuse 142.749 New York
28%
Madison 258.054 Wisconsin
27%
Mobile 189.572 Alabama
26%
Rochester 206.284 New York
26%
Riverside 330.063 Kalifornien
24%
Sioux Falls 181.883 South Dakota
24%
Spokane 219.190 Washington
23%
Norfolk 244.076 Virginia
21%
Grand Rapids 200.217 Michigan
20%
Toledo 274.975 Ohio
20%
Eugene 171.245 Oregon
20%
Billings 109.550 Montana
19%
Stockton 311.178 Kalifornien
18%
Plano 288.061 Texas
18%
Lexington 323.780 Kentucky
17%
Greensboro 294.722 North Carolina
17%
Irvine 282.572 Kalifornien
15%
Bridgeport 144.900 Connecticut
14%
Durham 274.291 North Carolina
14%
Fort Wayne 267.633 Indiana
13%
Manchester 112.525 New Hampshire
13%
McAllen 143.433 Texas
13%
Aurora 374.114 Colorado
12%
Worcester 185.877 Massachusetts
12%
Henderson 310.390 Nevada
10%
Keine übereinstimmenden Quizze gefunden
Verteilung der Resultate
Anzahl Personen mit jedem Resultat
Perzentil nach korrekt beantworteten Fragen
Ihre Resultats-Entwicklung
Sie haben dieses Quiz noch nicht gespielt